| 000 | 00488nam a22001697a 4500 | ||
|---|---|---|---|
| 003 | OSt | ||
| 005 | 20140311134813.0 | ||
| 008 | 130607t xxu||||| |||| 00| 0 eng d | ||
| 020 | _a0061092878 | ||
| 050 |
_aGV 939 _b.B995 1993 |
||
| 082 |
_aM 796.332092 _bB99 1993 |
||
| 245 |
_aRise and walk : _bthe trial and triumph of Dennis Byrd _cByrd, Dennis |
||
| 260 |
_aNew York, NY : _bHaperPaperbacks, _cc1993. |
||
| 300 |
_aix, 302 p. _bill. ; _c17 cm. |
||
| 942 |
_2lcc _cBK _kM |
||
| 999 |
_c35857 _d35857 |
||